Sanat - "Sydän vähän kallellaan" - Kaija Koo - Statistics

Yleistilastot
  • Tätä visaa on pelattu 22 kertaa
  • Keskiarvotulos 68 / 118
Vastaustilastot
Vastaus % Oikein
on
100%
100%
aina
83%
en
83%
jo
83%
kallellaan
83%
83%
sydän
83%
takiasi
83%
tulit
83%
vähän
83%
ainoa
67%
hyvin
67%
kaikki
67%
käymään
67%
koskaan
67%
mulla
67%
Tänään
67%
tekoni
67%
tiedän
67%
vaan
67%
haluatko
50%
isältäsi
50%
jota
50%
kadu
50%
kengät
50%
minä
50%
nälkä
50%
näytät
50%
ole
50%
onko
50%
pois
50%
riisuit
50%
silti
50%
syödä
50%
ei
33%
Kysymättä
33%
kysyn
33%
mitä
33%
mutta
33%
se
33%
Sinä
33%
sua
33%
vain
33%
voit
33%
asiaa
17%
elämää
17%
hetkeksi
17%
jäädä
17%
johtaa
17%
kävelet
17%
kohtelet
17%
kuin
17%
mietin
17%
mihin
17%
miten
17%
niin
17%
sisään
17%
sulla
17%
vielä
17%
edes
0%
enkä
0%
nenän
0%
ottaa
0%
päästä
0%
tunne
0%
varpaisiin
0%
Ehtoja vastaavia visoja ei löytynyt
Tulosjakauma
Jokaisen tuloksen saaneiden osuus
Persentiili vastausten määrän mukaan
Tuloshistoriasi
Et ole pelannut tätä visaa